Normal view
MARC view
- نويداسلم،شيح
Entry Personal Name
001 - CONTROL NUMBER
- control field: 121282
003 - CONTROL NUMBER IDENTIFIER
- control field: NUST
005 - DATE AND TIME OF LATEST TRANSACTION
- control field: 20240226095547.0
008 - FIXED-LENGTH DATA ELEMENTS
- fixed length control field: 240226|| aca||aabn | a|a d
040 ## - CATALOGING SOURCE
- Original cataloging agency: NUST
- Transcribing agency: NUST
100 ## - HEADING--PERSONAL NAME
- Personal name: نويداسلم،شيح
670 ## - SOURCE DATA FOUND
- Source citation: Work cat.: (NUST): نويداسلم،شيح, پاکستان کےآثارقديم, 2016.
